000
00287nam a22001217a 4500
008
181226b xxu||||| |||| 00| 0 eng d
041
_a
eng
080
_a
616.055
100
_a
9
101
_a
PED
245
_a
The Pediatric Clinics Of North America
_c
Stephen.P.
942
_2
udc
_c
BK
999
_c
53796
_d
53796